000 00423cam a2200145 4500500
005 20251012021627.0
041 _afre
042 _adc
100 1 0 _aRoullière, Yves
_eauthor
245 0 0 _aPages de début
260 _c2025.
500 _a56
786 0 _nCommunio | 298-299 | 2-3 | 2025-05-21 | p. 1-8 | 0338-781X
856 4 1 _uhttps://shs.cairn.info/revue-communio-2025-2-3-page-1?lang=fr&redirect-ssocas=7080
999 _c1538949
_d1538949